El pensamiento del Che / (Record no. 1706)
[ view plain ]
| 000 -CABECERA | |
|---|---|
| campo de control de longitud fija | 00978nam a2200253 a 4500 |
| 001 - NÚMERO DE CONTROL | |
| campo de control | 000001829 |
| 005 - FECHA Y HORA DE LA ÚLTIMA TRANSACCIÓN | |
| campo de control | 20200929145723.0 |
| 008 - DATOS DE LONGITUD FIJA--INFORMACIÓN GENERAL | |
| campo de control de longitud fija | 090629s2000 cu 001 0 spa d |
| 020 ## - NÚMERO INTERNACIONAL ESTÁNDAR DEL LIBRO | |
| Número Internacional Estándar del Libro | 9592112134 |
| 082 ## - NÚMERO DE LA CLASIFICACIÓN DECIMAL DEWEY | |
| Número de clasificación | 320.531 |
| -- | P418c |
| 040 ## - FUENTE DE LA CATALOGACIÓN | |
| Centro catalogador/agencia de origen | DO-SdBNP |
| 245 03 - MENCIÓN DE TÍTULO | |
| Título | El pensamiento del Che / |
| Mención de responsabilidad, etc. | selección de María del Carmen Ariet; edición Imeldo Álvarez García. |
| 260 ## - PUBLICACIÓN, DISTRIBUCIÓN, ETC. | |
| Lugar de publicación, distribución, etc. | La Habana : |
| Nombre del editor, distribuidor, etc. | Capitán San Luis, |
| Fecha de publicación, distribución, etc. | 2000. |
| 300 ## - DESCRIPCIÓN FÍSICA | |
| Extensión | 141 p. ; |
| Dimensiones | 20 cm. |
| 440 #0 - MENCIÓN DE SERIE/PUNTO DE ACCESO ADICIONAL--TÍTULO | |
| Título | Pensamiento revolucionario |
| 9 (RLIN) | 5956 |
| 500 ## - NOTA GENERAL | |
| Nota general | Incluye índice |
| 500 ## - NOTA GENERAL | |
| Nota general | El pensamiento ético de Ernesto Che Guevara, y su concepción sobre el papel que desempeñan las masas en nuestra revolución |
| 600 14 - PUNTO DE ACCESO ADICIONAL DE MATERIA--NOMBRE DE PERSONA | |
| Nombre de persona | GUEVARA, ERNESTO |
| Fechas asociadas al nombre | 1928-1967 |
| Subdivisión general | PENSAMIENTO POLÍTICO Y SOCIAL |
| 9 (RLIN) | 5957 |
| 650 #4 - PUNTO DE ACCESO ADICIONAL DE MATERIA--TÉRMINO DE MATERIA | |
| Término de materia o nombre geográfico como elemento de entrada | Socialismo |
| Subdivisión geográfica | Cuba |
| 9 (RLIN) | 5958 |
| 650 #4 - PUNTO DE ACCESO ADICIONAL DE MATERIA--TÉRMINO DE MATERIA | |
| Término de materia o nombre geográfico como elemento de entrada | Ética comunista |
| 9 (RLIN) | 5959 |
| 651 #4 - PUNTO DE ACCESO ADICIONAL DE MATERIA--NOMBRE GEOGRÁFICO | |
| Nombre geográfico | Cuba |
| Subdivisión general | Historia |
| -- | Revolución, |
| Subdivisión cronológica | 1959 |
| 9 (RLIN) | 5960 |
| 700 1# - PUNTO DE ACCESO ADICIONAL--NOMBRE DE PERSONA | |
| Nombre de persona | Ariet, María del Carmen |
| 9 (RLIN) | 5961 |
| 700 1# - PUNTO DE ACCESO ADICIONAL--NOMBRE DE PERSONA | |
| Nombre de persona | Álvarez García, Imeldo |
| 9 (RLIN) | 5962 |
| Estado de retiro | Estado de pérdida | Restricciones de uso | No para préstamo | Código de colección | Localización permanente | Ubicación/localización actual | Ubicación en estantería | Fecha de adquisición | Número de inventario | Total de préstamos | Signatura topográfica completa | Código de barras | Fecha visto por última vez | Precio válido a partir de | Tipo de ítem Koha | Número de copia |
|---|---|---|---|---|---|---|---|---|---|---|---|---|---|---|---|---|
| Préstamo interno | Monografías: Libros y Folletos | General | General | En catalogación | 29.06.2009 | LF1 | 320.531 P418c | 1829-10 | 25.06.2020 | 25.06.2020 | Préstamo interno | |||||
| Préstamo restringido | Préstamo restrigido | Monografías: Libros y Folletos | General | General | En catalogación | 29.06.2009 | LF1 | 320.531 P418c | 1829-20 | 25.06.2020 | 25.06.2020 | Préstamo interno | e.2 |
